000 02653nam a22003017a 4500
001 8572
003 FISKH
005 20250930125645.0
008 250930b cb ||||| |||| 00| 0 eng d
020 _a9789996301797
040 _aFISKH
_bkhr
_cFISKH
_dFISKH
050 _aPZ7
100 _aDawn, Dim
245 _aទឹកចិត្តកូនស្រី :
_bDaughter's morale /
_cនិពន្ធដោយ លោក ឌឹម ដន
260 _aPhnom Penh :
_bReading Books ,
_c2013.
300 _a24 pages :
_bcolor illustrations ;
_c25 cm .
490 _aពិភពរឿងនិទាន
505 _aP
520 _aអត្ថន័យសំខាន់នៃរឿងនេះគឺដើម្បីអប់រំកុមារ ជាពិសេសក្មេងស្រីដែលខ្សោយឲ្យក្លាយជាអ្នករឹងមាំ។ ទោះបីជាមាតាបិតាជួបប្រទះភាពក្រីក្រ ឬគ្មានមាតាបិតាក៏ដោយ ក៏មិនគួរលះបង់ការសិក្សាឡើយ។ ការអត់ធ្មត់ ការតស៊ូ និងការខិតខំប្រឹងប្រែង នឹងនាំមកនូវលទ្ធផលល្អនៅអនាគត ដូចជាតួអង្គ សុភី ក្នុងរឿងនេះ។ ក្រៅពីនេះ អ្វីដែលសំខាន់ជាពីរដទៃទៀតគួរតែមានគឺ៖ ការខិតខំរៀនសូត្រ ,ការគោរពម្ដាយឪពុកប្រកបដោយសីលធម៏ និងសុជីវធម៏ នោះទើបជាក្មេងល្អ និងមានអនាគតរុងរឿង ។​
520 _aDaughter's marale aims to educate children, especially girls who are weak, to be strong. Though their families are in poverty or don't have parent, they don't have to abandon their studies. Patience, struggle and efforts bring about good outcmes in the future, for example Sophy who is a girl in the story. Moreover , two factors should exits : hard learning and respects for parents in a courtesy and moral manner, a symbol of good children who can have brght future .
521 8 _a650
_bLexile estimate
521 8 _aP
_bRaz-Plus
650 _aទឹកចិត្តកូនស្រី
_vរឿងនិទានកុមារ​
650 _aDaughter's morale
_vChildren's stories
700 _aVichit, Prom
_eIllustrator
942 _2ddc
_cKHB
_n0
999 _c8572
_d8572